| 000 | 00579cam a22001938i 4500 | ||
|---|---|---|---|
| 008 | 171016s2018 mou b 001 0 eng | ||
| 020 | _a9780323523929 (pbk. : alk. paper) | ||
| 050 | 0 | 0 |
_aRT84 _b.S67 |
| 082 | 0 | 0 | _a610.7306/98 |
| 100 | 1 | _aSorrentino, Sheila A., | |
| 245 | 1 | 0 |
_aMosby's essentials for nursing assistants / _cSheila A. Sorrentino, Leighann N. Remmert. |
| 250 | _aSixth edition. | ||
| 260 |
_aMissouri _bElsevier Ltd _c2019 |
||
| 300 | _axx,578p | ||
| 650 | 1 | 2 | _aNurses' Aides |
| 650 | 2 | 2 |
_aNursing Care _xmethods |
| 700 | 1 | _aRemmert, Leighann N., | |
| 942 | _cBK | ||
| 999 |
_c2629 _d2629 |
||